Effectif Suède - Coupe du monde 2026 - Statistiques

Statistiques générales
  • Ce quiz a été pris 24 fois
  • Le résultat moyen est 9 sur 27
Statistiques - réponses
Poste Numéro Club Joueur % Correct
Attaquant 9 FC Liverpool Alexander Isak
95%
Attaquant 17 Arsenal FC Viktor Gyökeres
95%
Défenseur 3 Aston Villa Victor Lindelöf
74%
Attaquant 11 Newcastle United Anthony Elanga
63%
Milieu 7 Tottenham Hotspur Lucas Bergvall
63%
Défenseur 4 Atalanta BC Isak Hien
58%
Défenseur 8 Borussia Dortmund Daniel Svensson
53%
Milieu 18 Brighton & Hove Albion Yasin Ayari
42%
Défenseur 5 Leeds United Gabriel Gudmundsson
37%
Sélectionneur - - Graham Potter
37%
Défenseur 15 Celta Vigo Carl Starfelt
32%
Défenseur 6 Juventus Turin Emil Holm
26%
Défenseur 14 Burnley FC Hjalmar Ekdal
21%
Milieu 19 VfL Wolfsburg Mattias Svanberg
21%
Gardien 12 Stoke City Viktor Johansson
21%
Attaquant 10 Celtic Glasgow Benjamin Nygren
16%
Défenseur 20 FC St. Pauli Eric Smith
16%
Attaquant 25 Club Brugge KV Gustaf Nilsson
16%
Milieu 16 Udinese Calcio Jesper Karlström
16%
Milieu 13 Pafos FC Ken Sema
16%
Attaquant 21 Holstein Kiel Alexander Bernhardsson
11%
Défenseur 24 Mjällby AlF Elliot Stroud
11%
Défenseur 2 SC Braga Gustaf Lagerbielke
11%
Gardien 23 AlK Kristoffer Nordfeldt
11%
Milieu 22 Union Saint-Gilloise Besfort Zeneli
5%
Gardien 1 Derby County Jacob Widell Zetterström
5%
Attaquant 26 Malmö FF Taha Ali
5%
Aucun quiz correspondant
Distribution des résultats
% des personnes avec chaque résultat
Percentile par nombre de réponses
Votre historique - résultats
Vous n’avez pas pris ce quiz